Two-Dimensional Signal & Image Procecing (Record no. 23201)
[ view plain ]
| 000 -LEADER | |
|---|---|
| fixed length control field | 00277nam a22001217a 4500 |
| 003 - CONTROL NUMBER IDENTIFIER | |
| control field | Nust |
| 005 - DATE AND TIME OF LATEST TRANSACTION | |
| control field | 20170516112502.0 |
| 008 - FIXED-LENGTH DATA ELEMENTS--GENERAL INFORMATION | |
| fixed length control field | 170404b xxu||||| |||| 00| 0 eng d |
| 010 ## - LIBRARY OF CONGRESS CONTROL NUMBER | |
| LC control number | 8933088 |
| 020 ## - INTERNATIONAL STANDARD BOOK NUMBER | |
| International Standard Book Number | 0139353224 |
| 040 ## - CATALOGING SOURCE | |
| Original cataloging agency | DLC |
| Language of cataloging | DLC |
| Transcribing agency | RCMS |
| 082 ## - DEWEY DECIMAL CLASSIFICATION NUMBER | |
| Classification number | 621.3822 LIM |
| 100 ## - MAIN ENTRY--PERSONAL NAME | |
| Personal name | Jae S.Lim |
| 9 (RLIN) | 286 |
| 245 ## - TITLE STATEMENT | |
| Title | Two-Dimensional Signal & Image Procecing |
| 260 ## - PUBLICATION, DISTRIBUTION, ETC. | |
| Place of publication, distribution, etc. | New-Jersey |
| Name of publisher, distributor, etc. | Prentice Hall |
| Date of publication, distribution, etc. | c1990 |
| 300 ## - PHYSICAL DESCRIPTION | |
| Extent | 694 |
| Other physical details | ill: |
| Dimensions | 27,cm. |
| 538 ## - SYSTEM DETAILS NOTE | |
| Display text | Shelf # 14, Row # 1, Communication. |
| 650 ## - SUBJECT ADDED ENTRY--TOPICAL TERM | |
| Topical term or geographic name entry element | 1.Signal processing ---- Digital techniques 2. Image processing---- digital techniques |
| 9 (RLIN) | 287 |
| 856 ## - ELECTRONIC LOCATION AND ACCESS | |
| Materials specified | Table of Content Only |
| 942 ## - ADDED ENTRY ELEMENTS (KOHA) | |
| Koha item type | Book |
| Source of classification or shelving scheme | |
| Withdrawn status | Lost status | Damaged status | Not for loan | Permanent Location | Current Location | Date acquired | Total Checkouts | Full call number | Barcode | Date last seen | Price effective from | Koha item type |
|---|---|---|---|---|---|---|---|---|---|---|---|---|
| School of Interdisciplinary Engineering and Sciences (SINES) | School of Interdisciplinary Engineering and Sciences (SINES) | 03/06/2013 | 621.3822 | RCMS001694 | 03/06/2013 | 01/05/2017 | Book | |||||
| School of Interdisciplinary Engineering and Sciences (SINES) | School of Interdisciplinary Engineering and Sciences (SINES) | 03/06/2013 | 621.3822 | RCMS001695 | 03/06/2013 | 01/05/2017 | Book | |||||
| School of Interdisciplinary Engineering and Sciences (SINES) | School of Interdisciplinary Engineering and Sciences (SINES) | 03/06/2013 | 621.3822 | RCMS001696 | 03/06/2013 | 01/05/2017 | Book | |||||
| School of Interdisciplinary Engineering and Sciences (SINES) | School of Interdisciplinary Engineering and Sciences (SINES) | 03/06/2013 | 621.3822 | RCMS001697 | 03/06/2013 | 01/05/2017 | Book | |||||
| School of Interdisciplinary Engineering and Sciences (SINES) | School of Interdisciplinary Engineering and Sciences (SINES) | 03/06/2013 | 621.3822 | RCMS001698 | 03/06/2013 | 01/05/2017 | Book | |||||
| School of Interdisciplinary Engineering and Sciences (SINES) | School of Interdisciplinary Engineering and Sciences (SINES) | 03/06/2013 | 621.3822 | RCMS001699 | 03/06/2013 | 01/05/2017 | Book | |||||
| School of Interdisciplinary Engineering and Sciences (SINES) | School of Interdisciplinary Engineering and Sciences (SINES) | 03/06/2013 | 621.3822 | RCMS001700 | 03/06/2013 | 01/05/2017 | Book | |||||
| School of Interdisciplinary Engineering and Sciences (SINES) | School of Interdisciplinary Engineering and Sciences (SINES) | 03/06/2013 | 621.3822 | RCMS001701 | 03/06/2013 | 01/05/2017 | Book | |||||
| School of Interdisciplinary Engineering and Sciences (SINES) | School of Interdisciplinary Engineering and Sciences (SINES) | 03/06/2013 | 621.3822 | RCMS001702 | 03/06/2013 | 01/05/2017 | Book | |||||
| School of Interdisciplinary Engineering and Sciences (SINES) | School of Interdisciplinary Engineering and Sciences (SINES) | 03/06/2013 | 621.3822 | RCMS001703 | 03/06/2013 | 01/05/2017 | Book | |||||
| School of Interdisciplinary Engineering and Sciences (SINES) | School of Interdisciplinary Engineering and Sciences (SINES) | 03/06/2013 | 621.3822 | RCMS001704 | 03/06/2013 | 01/05/2017 | Book | |||||
| School of Interdisciplinary Engineering and Sciences (SINES) | School of Interdisciplinary Engineering and Sciences (SINES) | 03/06/2013 | 621.3822 | RCMS001705 | 05/04/2018 | 01/05/2017 | Book |
